| 000 | 00348nam a2200145Ia 4500 | ||
|---|---|---|---|
| 008 | 191201s2009 xx 000 0 und d | ||
| 082 |
_a657 _bGEA |
||
| 100 | _aGERLING, Heinrich | ||
| 245 | 0 | _aAll about Machine Tools | |
| 250 | _aRev | ||
| 260 |
_aN.Delhi _bNweage Internl (P) ltd _c2009 |
||
| 300 | _a240 | ||
| 650 | _aB.Tech(ME) | ||
| 942 |
_2ddc _cBK |
||
| 999 |
_c513 _d513 |
||